000 01234cad a22002175a 4500
001 L152771
008 110420s2011 xxk f 000 0 eng d
035 _a(Sirsi) u152771
041 0 _aeng
110 2 _aUnited Kingdom
_bDepartment for Communities and Local Government
_94939
245 0 0 _aPlanning for traveller sites
_bconsultation
_h[electronic resource]
260 _aLondon
_bDCLG
_c2011
520 _aConsultation seeks views on a new draft Planning Policy Statement for traveller sites. The government intends to withdraw the existing traveller planning circulars (Circular 01/2006: Planning for Gypsy and Traveller Caravan Sites and Circular 04/2007: Planning for Travelling Showpeople). This will be replaced with a new short single Planning Policy Statement for traveller sites. The consultation closes on 6 July 2011.
590 _aKA NTK
650 2 4 _aODPM CIRCULAR 01/2006
650 2 4 _aODPM CIRCULAR 04/2007
651 4 _aEngland and Wales
_y1543-
690 _aENVIRONMENTAL AND LAND CONSULTANCY-PLANNING AND DEVELOPMENT-DEVELOPMENT CONTROL
856 4 0 _uhttps://www.communities.gov.uk/documents/planningandbuilding/pdf/1886164.pdf
_zView the consultation free of charge at www.communities.gov.uk
942 _n0
999 _c112207
_d112207